00596nam a2200157 a 450000100100000000500170001000800410002704000250006810000350009324500530012826000280018130000250020904900090023495201780024399900170042100003474420200930073857.0111019s1964 xxu 000 0 spa d aDO-SdBNPbspacBNPHU1 aSuárez Rivas, Eduardo96022013aUn pueblo crucificado /cEduardo Suárez Rivas. aMiami :b[s.n.],c1964. axv, 383 p. ;c23 cm. aBNPD 001050718MOaGRbGRcCTd2011-10-19iLF1l0o p34744-10r2020-06-25w2020-06-25y1zPerteneció a la biblioteca personal de Juan Isidro Jimenes Grullón.ZNo se presta c34235d34235